Responses for Show #8524 - Thursday, December 2, 2021

Amy Schneider game 12.

Contestants

[<< previous game]

Jessica Morgan, a writer from Pasadena, California

Sinnott Martin, an attorney from New Orleans, Louisiana

Amy Schneider, an engineering manager from Oakland, California (whose 11-day cash winnings total $421,200)

[next game >>]

Jeopardy! Round responses

IT'S TOO CROWDED
EXAM TIME
FICTION
FUNNY LADIES
AIN'T THAT AMERICA
FOR "U" & "ME"
    $200 21
Pope John Paul II

Amy
    $200 11
(Ken: That's right; fascinating stuff.)
[Laughter]

a bar exam

Amy
    $200 6
Marley

Amy
    $200 1
Betty White

Jessica
    $200 16
the Underground Railroad

Sinnott
    $200 22
unanimous

Sinnott
    $400 30
the World Cup

Amy
    $400 12
an autopsy

Sinnott
    $400 7
Baldwin

Amy
    $400 2
Tomlin

Amy
    $400 20
Salk

Jessica
    $400 24
the median

Amy
    $600 29
Rio de Janeiro

Sinnott
    $600 13
(Sinnott: What are your boards?)

oral exams

Sinnott
Triple Stumper
    $1,600 8
gothic fiction (a gothic romance)

Amy
    $600 3
(Rebel) Wilson

Amy
    $600 19
Teapot Dome

Jessica
    $600 25
upbraid

Amy
    $800 28
Hinduism

Sinnott
    $800 14
the CPA exam

Jessica
    $800 9
Cujo

Sinnott
    $800 4
Radner

Jessica
    $800 18
John Glenn

Sinnott
    $800 26
a meeting house

Amy
    $1000 23
Pride

Amy
    $1000 15
dilate your pupils

Sinnott
    $1000 10
Shane

Jessica
    $1000 5
(Jessica: Who is Borenstein?)
(Sinnott: Who is Bornstein?)

Alex Borstein

SinnottJessica
Triple Stumper
    $1000 17
(Ken: Yeah, in Chicago.)

Daley

Amy
    $1000 27
unctuous

Jessica

Scores at the first commercial break (after clue 16):

Amy Sinnott Jessica
$3,400 $800 $1,800

Scores at the end of the Jeopardy! Round:

Amy Sinnott Jessica
$7,800 $3,200 $3,800

Double Jeopardy! Round responses

FROM THE GREEK
LET THERE BE ART & MUSIC
SAILING THE BLACK SEA
"T" FOR...
POP CULTURE-POURRI
WORDS IN ELEMENTS
    $400 16
(Sinnott: What is a mausoleum?)

cemetery

AmySinnott
    $400 26
"'O Sole Mio"

Amy
    $400 6
Jason

Amy
    $400 5
Tuskegee

Amy
    $400 25
Soul

Amy
    $400 11
(Ken: In bromine.)

mine

Amy
    $800 17
(Amy: What is hubris?)
(Jessica: What is misrule?)

jealousy

AmyJessica
Triple Stumper
    $800 27
(Sinnott: What--who is Venus?)
(Ken: Um, more specifically?)

Venus de Milo

Sinnott
    $800 7
dogfish

Amy
    $800 4
torque

Amy
    $800 24
(Ken: Yeah, still on the air today.)

General Hospital

Sinnott
    $800 12
(Ken: At the end of silicon.)

an icon

Amy
    $1200 18
pachyderm

Amy
    $1200 28
"Ave Maria"

Triple Stumper
    $1200 8
(Ken: Yeah, where the Olympics were.)

Sochi

Sinnott
    $1200 3
Trouble

Amy
    $1200 23
Free Britney

Amy
    $1200 13
(Ken: From mercury.)

a cur

Amy
    $1600 19
syntax

Sinnott
    $1600 29
Peter and the Wolf

Amy
    $4,400 9
(Sinnott: What is Turkmenistan?)

Ukraine

Sinnott
    $1600 2
(Ken: Just like in Little Mermaid, I guess.)

a triton

Triple Stumper
    $1600 22
Ramy

Triple Stumper
    $1600 14
(Ken: At the beginning of manganese.)

manga

Amy
    $2000 20
agape

Sinnott
    $2000 30
Basquiat

Amy
    $2000 10
the Caucasus

Amy
    $2000 1
Tamil

Amy
    $2000 21
The Ocarina of Time

Amy
    $9,000 15
(Ken: [Prior to the wager] You did very well in that category, as you often do in these wordplay categories, Amy.)
...
(Ken: In the middle of iodine.)

Odin

Amy

Scores at the end of the Double Jeopardy! Round:

Amy Sinnott Jessica
$36,800 $4,800 $3,000
(lock game)

[wagering suggestions for these scores]

Final Jeopardy! Round responses

JOURNALISTS IN HISTORY
(Ken: [After the music ends] Bismarck might make you think of the Dakotas, which might make you think about... well, let's find out.)
...
(Ken: [To Sinnott] It was supposed to be a big, exciting piece about [*]'s big success at Little Big Horn...)
(Sinnott: Not so much.)
(Ken: Didn't turn out that way, no, and like many people on the cavalry side, the reporter didn't actually survive the battle.)
JessicaWho is?
$1,900
SinnottWho is Gen. [letter scribbled out] Custer?
$4,000
AmyWho is Custer?
$25,000
(General George) Custer

Final scores:

Amy Sinnott Jessica
$61,800 $8,800 $1,100
12-day champion: $483,000 2nd place: $2,000 3rd place: $1,000

Game dynamics:

Coryat scores:

Amy Sinnott Jessica
$28,800 $9,200 $3,000
33 R
(including 2 DDs),
1 W
13 R,
4 W
(including 1 DD)
7 R,
2 W

Combined Coryat: $41,000

[game clues] [game scores] [suggest correction]

Game tape date: 2021-10-05
The J! Archive is created by fans, for fans. Scraping, republication, monetization, and malicious use prohibited; this site may use cookies and collect identifying information. See terms. The Jeopardy! game show and all elements thereof, including but not limited to copyright and trademark thereto, are the property of Jeopardy Productions, Inc. and are protected under law. This website is not affiliated with, sponsored by, or operated by Jeopardy Productions, Inc. Join the discussion at JBoard.tv.